[Event "SW Summer Open"]
[Site "Penarth"]
[Date "2017.09.03"]
[Round "5.1"]
[White "Brown, Thomas"]
[Black "Morris, Gareth"]
[Result "1-0"]
[WhiteElo "2020"]
[BlackElo "2063"]
[PlyCount "93"]
[EventDate "2017.09.01"]
[EventCountry "WLS"]
[SourceDate "2017.09.03"]

1. d4 Nf6 2. c4 c5 3. d5 b5 4. cxb5 a6 5. bxa6 g6 6. Nc3 Bg7 7. Nf3 O-O 8. g3
d6 9. Bg2 Bxa6 10. O-O Nbd7 11. Qc2 Ng4 12. b3 Qa5 13. Bd2 Rfb8 14. Rfe1 Qd8
15. Rab1 Nge5 16. Nxe5 Bxe5 17. h4 Nf8 18. h5 Bc8 19. hxg6 hxg6 20. a4 Bd7 21.
Be4 Qc8 22. Bg5 Qe8 23. Kg2 Rb4 24. Bd3 Bg7 25. Nb5 Rc8 26. Bd2 Rxb5 27. Bxb5
Bxb5 28. axb5 Qxb5 29. Qc4 Qb7 30. e4 Nd7 31. Bc3 Nf6 32. Bxf6 Bxf6 33. Rec1
Bd4 34. b4 Qd7 35. b5 Qg4 36. Qd3 Kg7 37. Qf3 Qg5 38. Qf4 Qh5 39. Rh1 Qe2 40.
Rh3 Rh8 41. Rxh8 Kxh8 42. b6 Bxf2 43. Rh1+ Kg8 44. Qxf2 Qxe4+ 45. Qf3 Qc2+ 46.
Kh3 Qb2 47. Re1 1-0

[Event "SW Summer Open"]
[Site "Penarth"]
[Date "2017.09.03"]
[Round "5.2"]
[White "Kett, Tim"]
[Black "Williams, Stephen"]
[Result "1-0"]
[WhiteElo "2209"]
[BlackElo "1666"]
[PlyCount "49"]
[EventDate "2017.09.01"]
[EventCountry "WLS"]
[SourceDate "2017.09.03"]

1. d4 d5 2. Nf3 Nf6 3. c4 c6 4. e3 Bf5 5. Nc3 e6 6. Nh4 Bg4 7. Qb3 Qc8 8. h3
Bh5 9. g4 Bg6 10. Nxg6 hxg6 11. Bg2 Nbd7 12. Bd2 Bd6 13. O-O-O dxc4 14. Qxc4
Nb6 15. Qe2 a5 16. e4 Bb4 17. Kb1 O-O 18. g5 Nfd7 19. h4 a4 20. a3 Bd6 21. h5
Qc7 22. e5 Be7 23. Qg4 Nc4 24. hxg6 Qb6 25. Rh8+ 1-0

[Event "SW Summer Open"]
[Site "Penarth"]
[Date "2017.09.03"]
[Round "5.3"]
[White "Young, Alan"]
[Black "Bullen, Alex"]
[Result "1/2-1/2"]
[WhiteElo "2034"]
[BlackElo "2049"]
[PlyCount "43"]
[EventDate "2017.09.01"]
[EventCountry "WLS"]
[SourceDate "2017.09.03"]

1. e4 c6 2. c4 d5 3. exd5 cxd5 4. cxd5 Nf6 5. Nc3 Nxd5 6. Nf3 Nc6 7. Bb5 e6 8.
O-O Be7 9. d4 O-O 10. Re1 Bd7 11. Bd3 Ncb4 12. Be4 Bc6 13. Ne5 Nf6 14. Bxc6
Nxc6 15. Nxc6 bxc6 16. Be3 Rb8 17. Qc2 Qa5 18. a3 Nd5 19. b4 Qa6 20. Ne4 Rfc8
21. Nc5 Bxc5 22. Qxc5 1/2-1/2

[Event "SW Summer Open"]
[Site "Penarth"]
[Date "2017.09.03"]
[Round "5.4"]
[White "Ralphs, Nigel"]
[Black "Ehsandar, Peter"]
[Result "1/2-1/2"]
[WhiteElo "2048"]
[BlackElo "1970"]
[PlyCount "72"]
[EventDate "2017.09.01"]
[EventCountry "WLS"]
[SourceDate "2017.09.03"]

1. e4 c5 2. Nf3 a6 3. c3 d5 4. exd5 Qxd5 5. d4 Nf6 6. Be2 e6 7. O-O Nc6 8. Be3
cxd4 9. cxd4 Be7 10. Nc3 Qa5 11. a3 Nd5 12. Qb3 Nxe3 13. fxe3 O-O 14. Rac1 Rd8
15. Na4 Qc7 16. Nb6 Rb8 17. Nxc8 Qxc8 18. Ne5 Bf6 19. Nxc6 bxc6 20. Qc3 c5 21.
Qxc5 Qxc5 22. dxc5 Bxb2 23. Rc2 Bxa3 24. Bxa6 Rd7 25. c6 Rc7 26. Rd1 Kf8 27.
Bb7 Ke7 28. Rcd2 Rbxb7 29. cxb7 Rxb7 30. Kf2 h5 31. Kf3 Bc5 32. Rc2 Ba7 33.
Rdc1 Kd7 34. Rd1+ Ke7 35. Ra1 g6 36. Ra5 Kf6 1/2-1/2

[Event "SW Summer Open"]
[Site "Penarth"]
[Date "2017.09.03"]
[Round "5.5"]
[White "Jukes, Sam"]
[Black "Choo Yin, Benjamin"]
[Result "0-1"]
[WhiteElo "1733"]
[BlackElo "1702"]
[PlyCount "60"]
[EventDate "2017.09.01"]
[EventCountry "WLS"]
[SourceDate "2017.09.03"]

1. d4 Nf6 2. c4 e6 3. Nf3 b6 4. g3 Bb7 5. Bg2 Be7 6. Nc3 O-O 7. O-O d5 8. b3 c5
9. cxd5 Nxd5 10. Nxd5 Bxd5 11. Bb2 Bf6 12. e3 Nc6 13. Re1 Be4 14. Ne5 Bxg2 15.
Kxg2 Bxe5 16. dxe5 Qc7 17. f4 Rfd8 18. Qf3 Rd2+ 19. Re2 Rad8 20. Kf1 h6 21.
Rae1 Qc8 22. Kf2 Nb4 23. Rb1 Nxa2 24. Ra1 Nb4 25. Bc3 Rxe2+ 26. Kxe2 a5 27.
Bxb4 cxb4 28. Ra2 Qc3 29. Qe4 Qxb3 30. Rc2 Qb1 0-1

[Event "SW Summer Open"]
[Site "Penarth"]
[Date "2017.09.03"]
[Round "5.6"]
[White "May, Adam J"]
[Black "Turner, Joseph David"]
[Result "1/2-1/2"]
[WhiteElo "1944"]
[BlackElo "1918"]
[PlyCount "93"]
[EventDate "2017.09.01"]
[EventCountry "WLS"]
[SourceDate "2017.09.03"]

1. c4 e5 2. g3 Nf6 3. Bg2 d5 4. cxd5 Nxd5 5. Nc3 Be6 6. Nf3 Nc6 7. d4 Bb4 8.
Bd2 exd4 9. Nb5 d3 10. exd3 Bxd2+ 11. Qxd2 Ndb4 12. O-O a6 13. Nbd4 Nxd4 14.
Qxb4 Ne2+ 15. Kh1 Qxd3 16. Rfd1 Qb5 17. Qxb5+ axb5 18. Rd2 Rxa2 19. Rxa2 Nxg3+
20. hxg3 Bxa2 21. Re2+ Kd8 22. Nd4 c6 23. b3 Bb1 24. Re1 Bg6 25. f4 Re8 26. Rd1
Kc7 27. f5 Bh5 28. Rd2 Re1+ 29. Kh2 Bg4 30. Bh3 Bxh3 31. Kxh3 b4 32. Nc2 Re4
33. Kg2 c5 34. Kf3 Re5 35. Kf4 f6 36. Ne3 g5+ 37. fxg6 hxg6 38. Nc4 Re1 39. Ne3
Kc6 40. Ng4 Rf1+ 41. Ke3 g5 42. Ke2 Rf5 43. Ne3 Re5 44. Kf2 b5 45. Kf3 f5 46.
Rd1 g4+ 47. Kf2 1/2-1/2

[Event "SW Summer Open"]
[Site "Penarth"]
[Date "2017.09.03"]
[Round "5.7"]
[White "Buttell, David"]
[Black "Cizek, Ondrej"]
[Result "0-1"]
[WhiteElo "1817"]
[BlackElo "1847"]
[PlyCount "104"]
[EventDate "2017.09.01"]
[EventCountry "WLS"]
[SourceDate "2017.09.03"]

1. d4 Nf6 2. c4 g6 3. Nc3 d6 4. e4 Bg7 5. f3 O-O 6. Be3 e5 7. d5 Ne8 8. Qd2 f5
9. Bd3 f4 10. Bf2 c5 11. Nge2 Nd7 12. a3 a5 13. Nb5 Nb6 14. a4 Nc7 15. Nxc7
Qxc7 16. Nc3 Qe7 17. Nb5 g5 18. h3 Rf6 19. b3 h5 20. O-O-O Nd7 21. Kb2 b6 22.
Rdg1 Nb8 23. Be1 Na6 24. Qd1 Bd7 25. Be2 Rg6 26. h4 g4 27. fxg4 Bxg4 28. Bf3
Rf8 29. Qe2 Rf7 30. Nc3 Nb8 31. Nd1 Nd7 32. Bf2 Bf8 33. Ka3 Rfg7 34. g3 Qf6 35.
Bxg4 Rxg4 36. Rh3 Qg6 37. Nc3 Nf6 38. Qf3 Kh8 39. Kb2 Rg8 40. Rf1 Bh6 41. Rg1
Qg7 42. Ne2 Qg6 43. Nc3 Qh7 44. Rf1 R4g7 45. Rg1 Ng4 46. gxf4 Bxf4 47. Re1 Rf7
48. Qe2 Nxf2 49. Qxf2 Bc1+ 50. Rxc1 Rxf2+ 51. Ka3 Qh6 52. Rch1 Qd2 0-1